000 00268nam a2200109Ia 4500
008 200302s9999 xx 000 0 und d
100 _aM. D. Clark & Other
245 _aStructures
260 _b Schools Council By MacMillan Education
260 _c1974
300 _a101 P.,
999 _c431
_d431